Ghana National Football Team - Statistics

General Stats
  • This quiz has been taken 24 times
  • The average score is 6 of 17
Answer Stats
Goals Caps Player % Correct
24 120 André Ayew
84%
33 117 Jordan Ayew
84%
19 73 Abedi Pele
74%
51 109 Asamoah Gyan
63%
4 74 Kwadwo Asamoah
58%
20 84 Sulley Muntari
42%
0 91 John Paintsil
32%
3 81 John Mensah
26%
1 93 Richard Kingson
26%
29 59 Tony Yeboah
16%
45 41 Edward Acquah
11%
11 78 Emmanuel Agyemang-Badu
11%
0 86 Harrison Afful
11%
25 62 Karim Abdul Razak
11%
36 45 Kwasi Owusu
11%
19 25 Osei Kofi
11%
20 26 Wilberforce Mfum
11%
No matching quizzes found
Score Distribution
Percent of People with Each Score
Percentile by Number Answered
Your Score History
You have not taken this quiz